| 000 | 00847nas a2200265Ia 4500 | ||
|---|---|---|---|
| 001 | dp5/22-48671 | ||
| 003 | IT-MiCISF | ||
| 008 | 161014c99999999xx |||||||||||| ||und|| | ||
| 040 |
_aIT-MiCISF _cIT-MiCISF |
||
| 041 | _aITALIANO | ||
| 100 | _aPilloni Francesco | ||
| 210 | _aSettiamna | ||
| 222 | _aSettiamna | ||
| 245 | 0 | _aPiccolo dizionario per una spiritualità coniugale / 1-4 | |
| 250 | _a1a ed. | ||
| 260 | _c2008 | ||
| 501 |
_bCISF - Centro Internazionale Studi Famiglia - Via Giotto, 36 20145 MILANO (non commercial uses only) _cCopyright 2016 |
||
| 300 | _app. 12, 10, 10, 12, 12 | ||
| 362 | _a n. 22, n. 30, n. 42, n. 15 [2008] | ||
| 500 | _a Tema: pastorale-familiare, spiritualità-coniugale | ||
| 650 |
_aPASTORALE - pastorale familiare _vdossier |
||
| 700 | _aAA.VV. | ||
| 942 | _cCR | ||
| 957 | _71 | ||
| 999 |
_a48671 _bSi _g1 _c219622 _d219622 |
||